Statistiques concernant Test de vocab français-anglais : chapitre 2

Cliquez ici pour prendre le quiz!

Statistiques générales

  • Ce quiz a été pris 51 fois
  • Le résultat moyen est 8 sur 50

Statistiques - réponses

FrançaisAnglais% Correct
mouilléwet
70%
épouxhusband
54%
ils peignentthey paint
50%
rouge foncédark red
48%
bleu clairlight blue
46%
la peinturepaint
46%
le serveurwaiter
41%
la couvertureblanket
30%
le gouverneurgovernor
30%
le panierbasket
26%
détenirto detain
24%
s'étirerto stretch
24%
freinerto brake
22%
la prudencecare
20%
le gros titreheadline
20%
la paillestraw
20%
le fondbottom
17%
le choeurchoir
17%
le bétonconcrete
17%
un échoecho
17%
les jumellesbinoculars
15%
le code barrebarcode
13%
le couverclelid
13%
le tournevisscrewdriver
11%
le casse-croûtesnack
11%
le sojasoya
11%
la récolteharvest
9%
le réveillonNew Year's Eve
9%
trempésoaked
9%
adurcirto harden
9%
la jonquilledaffodil
7%
j'en ai assezI've had enough
7%
air conditionéair conditioning
4%
les couvertscutlery
4%
la cornemusebagpipes
2%
le foyer d'accueilcare home
2%
le rayondepartment
2%
la volontédesire
2%
la geléefrost
2%
l'assurance immobilierehouse insurance
2%
la jacinthehyacinth
2%
le repèrelandmark
2%
école maternellenursery
2%
raidsteep
2%
une inspection (d'un immeuble)survey
2%
réciterto recite
2%
abîmerto ruin
2%
le seche-lingetumble dryer
2%
la stagework placement
2%
inouïeunheard of
0%

Distribution des résultats

Percentile par nombre de réponses

% des personnes avec chaque résultat

Votre développement - résultats

Vous n’avez pas pris ce quiz